• 首页
  • 本馆介绍
  • 公告通知
  • 最新文献
  • 馆藏检索
  • 电子资源
  • 读者导购
  • 参考咨询
  • 我的图书馆
  • 登录
  • 详细信息显示
  • 放入我的书架
  • 预约/预借图书
  • 作者相关作品
  • 分类相关作品
  • 丛书相关作品
  • 出版社相关作品

书目信息

  • 表格格式
  • 工作单格式
  • 卡片格式
题名:
固体力学
    
 
作者: ;复旦大学数学系 编著
分册:  
出版信息: 上海   上海科学技术出版社  1960
页数: 358页
开本: 20cm
丛书名:
单 册:
中图分类: O34
科图分类:
主题词: 固体力学
电子资源:
ISBN:
000 00575nam0 2200205 450
001 0656111531
005 20060725153753.45
010    @dCNY1.30
100    @a20060725d1960 km y0chiy0120 ea
101 0  @achi
102    @aCN@b310000
102    @aCN@b310000
200 1  @a固体力学@Agu ti li xue@f复旦大学数学系编著@Ffu dan da xue shu xue xi bian zhu
210    @a上海@c上海科学技术出版社@d1960
215    @a358页@d20cm
606 0  @a固体力学
690    @aO34@v3
711  0 @a复旦大学数学系@Afu dan da xue shu xue xi@4编著
801  0 @aCN@bPFT@c20060725
905    @a10447@dO34@e38
    
    固体力学/复旦大学数学系编著.-上海:上海科学技术出版社,1960
    358页;20cm
    
    
    ISBN :CNY1.30
    
●
相关链接 在E读中查询图书 在五车中查询图书 在当当中查询图书 在豆瓣中查询图书


正题名:固体力学     索取号:O34/38         预约/预借

序号 登录号 条形码 馆藏地/架位号 状态 备注
1 0431535   204315357   密集书库/ [索取号:O34/38] 在馆    
唐山师范学院图书馆 欢迎您!
大连网信软件有限公司© 版权所有